000 00798nam a22002297a 4500
999 _c22456
_d22456
003 AR-CdUCM
008 190409b ||||| |||| 00| 0 spa d
020 _a9786124699931
040 _aMUNICIPALIDAD PROVINCIAL DEL CUSCO
_cBIBLIOTECA MUNICIPAL DEL CUSCO
082 _a869.56/P842T
_bP842T
_2tercera
100 _aPortal, Magda
_92802
245 _aLa trampa /
_cMagda Portal
260 _aLima :
_bCocodrilo Ediciones,
_c2018.
300 _a217 páginas ;
_c21 cm.
500 _aApasionante drama político que tiene por escenario el Perú y por protagonistas a conocidos personajes de la política actual (1935-1956)
650 _aNovelas peruanas
_9545
650 _aNovelas políticas
_910580
650 _aAprismo
_96880
650 _aNovelas
_9218
942 _2ddc
_cLIBROS
945 _arac